000 00456nam a2200157Ia 4500
008 230312s9999||||xx |||||||||||||| ||und||
020 _a81-317-0492-0
082 _a621.382
_bOPP-D
100 _aOppenheim Alan, V.
245 0 _aDiscrete-Time Signal Processing
260 _bPearson Education
_aNew Delhi
_c1999
300 _a888
546 _aEng.
650 _aEngineering
_vIntroduction , Discrete Time Signals and Systems , Z- Transform,
942 _cBK
999 _c1410
_d1410